Largest Cities in Armenia - Statistics

General Stats
  • This quiz has been taken 554 times
  • The average score is 3 of 5
Answer Stats
Hint Answer % Correct
Pop. 1,060,138 Yerevan
100%
Pop. 146,100 Gyumri
74%
Pop. 105,000 Vanadzor
54%
Pop. 53,400 Hrazdan
23%
Pop. 57,600 Vagharshapat
23%
No matching quizzes found
Score Distribution
Percent of People with Each Score
Percentile by Number Answered
Your Score History
You have not taken this quiz